Every Canadian Riding (Electoral District) for the 2025 Election - Statistics

General Stats
  • This quiz has been taken 717 times
  • The average score is 114 of 343
Answers on the Map
Answers color-coded by a green-red scale on the quiz's map according to % correct below.
 
Answer Stats
Answer % Correct
Ontario Ottawa Centre
92%
Territories Northwest Territories
89%
Territories Yukon
89%
Territories Nunavut
88%
Saskatchewan Saskatoon—University
83%
New Brunswick Saint John—Kennebecasis
82%
New Brunswick Saint John—St. Croix
82%
Ontario Toronto—Danforth
81%
Ontario Toronto—St. Paul's
80%
Saskatchewan Regina—Qu'Appelle
79%
Saskatchewan Regina—Wascana
79%
Saskatchewan Regina—Lewvan
78%
British Columbia Victoria
75%
Ontario Ottawa—Vanier—Gloucester
74%
Nova Scotia Halifax
73%
Ontario Middlesex—London
73%
Ontario London—Fanshawe
72%
Ontario Windsor—Tecumseh—Lakeshore
72%
Newfoundland and Labrador Labrador
71%
Ontario King—Vaughan
69%
Alberta Calgary Centre
67%
British Columbia New Westminster—Burnaby—Maillardville
67%
Ontario Ottawa West—Nepean
67%
Ontario Thunder Bay—Rainy River
65%
Ontario Thunder Bay—Superior North
65%
Alberta Edmonton Centre
64%
Manitoba Winnipeg South Centre
64%
Ontario York—Durham
64%
Nova Scotia Kings—Hants
63%
Quebec Richmond—Arthabaska
63%
British Columbia Vancouver Centre
62%
Ontario Brampton—Chinguacousy Park
60%
Ontario Kingston and the Islands
60%
Ontario Sudbury
60%
Quebec Gatineau
58%
Ontario Mississauga—Lakeshore
58%
Manitoba Winnipeg Centre
58%
Ontario Kitchener—Conestoga
57%
Ontario Mississauga—Erin Mills
57%
Ontario Carleton
56%
Manitoba Churchill—Keewatinook Aski
56%
Ontario Niagara Falls—Niagara-on-the-Lake
56%
Manitoba Winnipeg North
56%
British Columbia Kelowna
55%
Ontario Mississauga—Malton
55%
Ontario Mississauga—Streetsville
55%
Ontario Nepean
55%
British Columbia Vancouver East
54%
Manitoba Winnipeg West
53%
Prince Edward Island Charlottetown
52%
Manitoba Winnipeg South
52%
Quebec Laurier—Sainte-Marie
51%
Alberta Calgary East
50%
British Columbia Kamloops—Shuswap—Central Rockies
50%
British Columbia Prince George—Peace River—Northern Rockies
50%
Ontario Sault Ste. Marie—Algoma
50%
Ontario Hamilton Centre
49%
New Brunswick Fredericton—Oromocto
48%
British Columbia Esquimalt—Saanich—Sooke
47%
Ontario Guelph
47%
British Columbia Kamloops—Thompson—Nicola
47%
Quebec Laval—Les Îles
47%
Ontario London West
47%
British Columbia North Vancouver—Capilano
46%
Ontario Waterloo
46%
Alberta Edmonton West
45%
Ontario Etobicoke—Lakeshore
45%
Ontario Hamilton West—Ancaster—Dundas
45%
Ontario London Centre
45%
New Brunswick Moncton—Dieppe
45%
British Columbia Saanich—Gulf Islands
45%
Ontario York South—Weston—Etobicoke
45%
Alberta Edmonton Strathcona
44%
Ontario Oshawa
44%
Saskatchewan Saskatoon West
44%
Quebec Trois-Rivières
44%
British Columbia Abbotsford—South Langley
43%
Ontario Ajax
43%
Ontario Burlington North—Milton West
43%
British Columbia Cariboo—Prince George
43%
Ontario Hamilton East—Stoney Creek
43%
Quebec Mount Royal
43%
Saskatchewan Saskatoon South
43%
Ontario Toronto Centre
43%
Ontario University—Rosedale
43%
Ontario Brampton North—Caledon
42%
British Columbia Burnaby Central
42%
Nova Scotia Cape Breton—Canso—Antigonish
42%
British Columbia Coquitlam—Port Coquitlam
42%
British Columbia Delta
42%
British Columbia Nanaimo—Ladysmith
42%
Quebec Papineau
42%
British Columbia Port Moody—Coquitlam
42%
Alberta Battle River—Crowfoot
41%
Ontario Brampton West
41%
British Columbia Burnaby North—Seymour
41%
Ontario Essex
41%
Ontario Markham—Thornhill
41%
British Columbia Mission—Matsqui—Abbotsford
41%
Ontario Ottawa South
41%
Ontario St. Catharines
41%
Ontario Windsor West
41%
Ontario Brampton East
40%
Nova Scotia Central Nova
40%
Manitoba Kildonan—St. Paul
40%
Ontario Scarborough—Guildwood—Rouge Park
40%
Ontario Vaughan—Woodbridge
40%
New Brunswick Acadie—Bathurst
39%
Ontario Aurora—Oak Ridges—Richmond Hill
39%
Newfoundland and Labrador Avalon
39%
Ontario Cambridge
39%
Ontario Peterborough
39%
Ontario Scarborough—Agincourt
39%
Ontario Scarborough—Woburn
39%
Quebec Sherbrooke
39%
British Columbia South Surrey—White Rock
39%
Quebec Beauce
38%
Quebec Gaspésie—Les Îles-de-la-Madeleine—Listuguj
38%
Quebec Québec Centre
38%
Alberta Red Deer
38%
British Columbia Vancouver Fraserview—South Burnaby
38%
Ontario Burlington
37%
British Columbia Cloverdale—Langley City
37%
Alberta Medicine Hat—Cardston—Warner
37%
Ontario Newmarket—Aurora
37%
Newfoundland and Labrador St. John's East
37%
British Columbia West Vancouver—Sunshine Coast—Sea to Sky Country
37%
Nova Scotia Acadie—Annapolis
36%
Ontario Brampton Centre
36%
Ontario Brampton South
36%
Alberta Calgary Confederation
36%
Newfoundland and Labrador Central Newfoundland
36%
Nova Scotia Halifax West
36%
Ontario Kanata
36%
Alberta Lethbridge
36%
Newfoundland and Labrador Long Range Mountains
36%
Ontario Markham—Stouffville
36%
Ontario Markham—Unionville
36%
Nova Scotia Sydney—Glace Bay
36%
Newfoundland and Labrador Terra Nova—The Peninsulas
36%
Quebec Ville-Marie—Le Sud-Ouest—Île-des-Sœurs
36%
Quebec Abitibi—Baie-James—Nunavik—Eeyou
35%
Alberta Fort McMurray—Cold Lake
35%
British Columbia Langley Township—Fraser Heights
35%
Quebec Mont-Saint-Bruno—L'Acadie
35%
British Columbia Surrey Centre
34%
Ontario Kenora—Kiiwetinoong
33%
Ontario Kitchener Centre
33%
Quebec Terrebonne
33%
British Columbia Vancouver Kingsway
33%
British Columbia Vancouver Quadra
33%
Ontario Kapuskasing—Timmins—Mushkegowuk
32%
Saskatchewan Moose Jaw—Lake Centre—Lanigan
32%
Ontario Oxford
32%
British Columbia Richmond East—Steveston
32%
Alberta Calgary Skyview
31%
Ontario Elgin—St. Thomas—London South
31%
Nova Scotia South Shore—St. Margarets
31%
Manitoba Brandon—Souris
30%
Nova Scotia Dartmouth—Cole Harbour
30%
Ontario Etobicoke North
30%
Ontario Huron—Bruce
30%
British Columbia North Island—Powell River
30%
Quebec Outremont
30%
Ontario Prescott—Russell—Cumberland
30%
Saskatchewan Prince Albert
30%
Ontario Richmond Hill South
30%
Ontario Barrie—Springwater—Oro-Medonte
29%
Alberta Calgary Heritage
29%
Alberta Calgary Nose Hill
29%
Ontario Eglinton—Lawrence
29%
Quebec LaSalle—Émard—Verdun
29%
Ontario Sarnia—Lambton—Bkejwanong
29%
Ontario York Centre
29%
Ontario Beaches—East York
28%
Quebec Bellechasse—Les Etchemins—Lévis
28%
Ontario Chatham-Kent—Leamington
28%
Ontario Etobicoke Centre
28%
Quebec Hull—Aylmer
28%
Ontario Kitchener South—Hespeler
28%
Quebec Lévis—Lotbinière
28%
Quebec Longueuil—Saint-Hubert
28%
Quebec Abitibi—Témiscamingue
27%
Alberta Edmonton Griesbach
27%
Quebec Longueuil—Charles-LeMoyne
27%
Ontario Orléans
27%
Ontario Perth—Wellington
27%
Ontario Sudbury East—Manitoulin—Nickel Belt
27%
Ontario Thornhill
27%
Ontario Whitby
27%
Alberta Airdrie—Cochrane
26%
Ontario Bruce—Grey—Owen Sound
26%
Newfoundland and Labrador Cape Spear
26%
Nova Scotia Cumberland—Colchester
26%
Quebec Dorval—Lachine—LaSalle
26%
Alberta Edmonton Northwest
26%
Alberta Edmonton Southeast
26%
Manitoba Elmwood—Transcona
26%
Alberta Grande Prairie
26%
Ontario Mississauga Centre
26%
Ontario Mississauga East—Cooksville
26%
British Columbia Pitt Meadows—Maple Ridge
26%
British Columbia Richmond Centre—Marpole
26%
Quebec Beloeil—Chambly
25%
Alberta Calgary Crowfoot
25%
Alberta Calgary McKnight
25%
British Columbia Columbia—Kootenay—Southern Rockies
25%
Ontario Pickering—Brooklin
25%
Quebec Rosemont—La Petite-Patrie
25%
Saskatchewan Battlefords—Lloydminster—Meadow Lake
24%
Ontario Don Valley West
24%
Prince Edward Island Egmont
24%
Ontario Parry Sound—Muskoka
24%
Ontario Spadina—Harbourfront
24%
Ontario Wellington—Halton Hills North
24%
Saskatchewan Desnethé—Missinippi—Churchill River
23%
Alberta Edmonton Riverbend
23%
Ontario Milton East—Halton Hills South
23%
Ontario Niagara West
23%
Ontario Nipissing—Timiskaming
23%
Ontario Simcoe—Grey
23%
British Columbia Chilliwack—Hope
22%
Quebec Drummond
22%
Alberta Edmonton Manning
22%
Ontario Haldimand—Norfolk
22%
Ontario Leeds—Grenville—Thousand Islands—Rideau Lakes
22%
New Brunswick Miramichi—Grand Lake
22%
Ontario Oakville East
22%
Ontario Oakville West
22%
Alberta Peace River—Westlock
22%
Manitoba Portage—Lisgar
22%
Ontario Scarborough Centre—Don Valley East
22%
Ontario Scarborough North
22%
British Columbia Skeena—Bulkley Valley
22%
British Columbia Vancouver Granville
22%
Ontario Algonquin—Renfrew—Pembroke
21%
Quebec Brossard—Saint-Lambert
21%
Prince Edward Island Cardigan
21%
Quebec Côte-Nord—Kawawachikamach—Nitassinan
21%
British Columbia Cowichan—Malahat—Langford
21%
Ontario Davenport
21%
New Brunswick Fundy Royal
21%
Quebec Rimouski—La Matapédia
21%
Ontario Bay of Quinte
20%
Quebec Chicoutimi—Le Fjord
20%
Ontario Dufferin—Caledon
20%
Ontario Hamilton Mountain
20%
Quebec Lac-Saint-Jean
20%
Quebec Montmorency—Charlevoix
20%
Nova Scotia Sackville—Bedford—Preston
20%
Quebec Saint-Jean
20%
Saskatchewan Souris—Moose Mountain
20%
Ontario Taiaiako'n—Parkdale—High Park
20%
New Brunswick Beauséjour
19%
British Columbia Courtenay—Alberni
19%
New Brunswick Madawaska—Restigouche
19%
Quebec Mirabel
19%
Quebec Pontiac—Kitigan Zibi
19%
Alberta St. Albert—Sturgeon River
19%
Manitoba St. Boniface—St. Vital
19%
Ontario Stormont—Dundas—Glengarry
19%
British Columbia Surrey Newton
19%
Alberta Yellowhead
19%
Quebec Ahuntsic-Cartierville
18%
Quebec Berthier—Maskinongé
18%
Ontario Bowmanville—Oshawa North
18%
Ontario Brantford—Brant South—Six Nations
18%
Alberta Calgary Signal Hill
18%
Ontario Haliburton—Kawartha Lakes
18%
Quebec Jonquière
18%
Alberta Leduc—Wetaskiwin
18%
Quebec Notre-Dame-de-Grâce—Westmount
18%
Quebec Pierrefonds—Dollard
18%
Quebec Saint-Maurice—Champlain
18%
Alberta Calgary Midnapore
17%
Quebec Châteauguay—Les Jardins-de-Napierville
17%
Ontario Don Valley North
17%
Quebec Laurentides—Labelle
17%
Prince Edward Island Malpeque
17%
British Columbia Vernon—Lake Country—Monashee
17%
Quebec Beauharnois—Salaberry—Soulanges—Huntingdon
16%
Quebec Beauport—Limoilou
16%
Alberta Bow River
16%
Quebec Charlesbourg—Haute-Saint-Charles
16%
Quebec Compton—Stanstead
16%
Alberta Edmonton Gateway
16%
British Columbia Fleetwood—Port Kells
16%
Quebec Joliette—Manawan
16%
Alberta Lakeland
16%
Quebec La Pointe-de-l'Île
16%
Ontario Niagara South
16%
Manitoba Provencher
16%
Ontario Scarborough Southwest
16%
Manitoba Selkirk—Interlake—Eastman
16%
Alberta Sherwood Park—Fort Saskatchewan
16%
British Columbia Similkameen—South Okanagan—West Kootenay
16%
New Brunswick Tobique—Mactaquac
16%
Quebec Vaudreuil
16%
Quebec Argenteuil—La Petite-Nation
15%
Alberta Calgary Shepard
15%
Quebec Côte-du-Sud—Rivière-du-Loup—Kataskomiq—Témiscouata
15%
Quebec Louis-Hébert
15%
Quebec Shefford
15%
Saskatchewan Swift Current—Grasslands—Kindersley
15%
Saskatchewan Yorkton—Melville
15%
Quebec Bourassa
14%
Ontario Hastings—Lennox and Addington—Tyendinaga
14%
Quebec Hochelaga—Rosemont-Est
14%
Quebec Lac-Saint-Louis
14%
Ontario Lanark—Frontenac
14%
Quebec Mégantic—L'Érable—Lotbinière
14%
Manitoba Riding Mountain
14%
Quebec Saint-Laurent
14%
Quebec La Prairie—Atateken
13%
Quebec Repentigny
13%
Quebec Bécancour—Nicolet—Saurel—Alnôbak
12%
Quebec Brome—Missisquoi
12%
Alberta Foothills
12%
Quebec Honoré-Mercier
12%
Ontario Humber River—Black Creek
12%
Quebec Les Pays-d'en-Haut
12%
Quebec Montcalm
12%
Alberta Ponoka—Didsbury
12%
Quebec Portneuf—Jacques-Cartier
12%
Quebec Saint-Hyacinthe—Bagot—Acton
12%
Quebec Saint-Léonard—Saint-Michel
12%
Quebec Vimy
12%
Ontario Willowdale
12%
Ontario Flamborough—Glanbrook—Brant North
11%
British Columbia Okanagan Lake West—South Kelowna
11%
Quebec Pierre-Boucher—Les Patriotes—Verchères
11%
Quebec Alfred-Pellan
10%
Ontario Barrie South—Innisfil
10%
Ontario New Tecumseth—Gwillimbury
10%
Ontario Northumberland—Clarke
10%
Quebec Rivière-du-Nord
10%
Saskatchewan Carlton Trail—Eagle Creek
9%
Quebec Marc-Aurèle-Fortin
9%
Alberta Parkland
9%
Ontario Simcoe North
9%
Quebec Thérèse-De Blainville
8%
Quebec Rivière-des-Mille-Îles
7%
Quebec Louis-Saint-Laurent—Akiawenhrahk
6%
No matching quizzes found
Score Distribution
Percent of People with Each Score
Percentile by Number Answered
Your Score History
You have not taken this quiz